Quizzes
Events
Quiz Creation
Community
Videos
Private Events
Remove Ads
Sign In
Join for FREE
Feedback
Dark Mode
Quiz Categories
Sports
Geography
Music
Movies
Television
Just For Fun
Miscellaneous
History
Literature
Language
Science
Gaming
Entertainment
Religion
Holiday
For Kids
Quiz Lab
Recent
Popular Today
Quiz Kudos Today
Editor Picks
Curator Picks
Quizzes by...
Day
Popularity
Type
Ratings
Length
Year
Community
Subscriptions
Recent Discussions
Orange Saloon
Badges
Playlists
Quests
Create
Leaderboards
Showdown
Live 5
Trivia Bingo
Activity
Puzzle Library
Sporcle Events
Private Events
Virtual Trivia
Globe League
Become a Host
Pub Owners
SporcleCon
Opinionation
Our Games
Videos
Blog
Mobile Apps
Partnerships
Remove Ads and Go Orange
Feedback
Language
Vocabulary
Begins and Ends
Definition
Spanish
French
German
Italian
Chinese
Latin
Translation
Japanese
Language
Vocabulary
Begins and Ends
Definition
Spanish
French
German
Italian
Chinese
Latin
Translation
Japanese
Random Quiz
Search Sporcle
×
Quiz Lab
Quiz Lab
Language
Greek
Type in answers that appear in a list
Type in answers that appear in a list
Classic
Best Score? Go Orange.
Definite Articles of Attic Greek Stats
Can you name the Definite Articles of Attic Greek?
By
shmeetah
5m
24 Questions
35 Plays
35 Plays
35 Plays
Comments
Comments
Give Quiz Kudos
Give Quiz Kudos
-
- Ratings
hide this ad
Replay
Link that replays current quiz
Next Quiz
Link to next quiz in quiz playlist
You Got
0%
They Got
Avg Score
55%
Avg Friend Score
Upgrade to see
Score Distribution
Jump to the score distribution portion of the page
Score
0/24
Timer
05:00
0
Plays Today
# & case
% Correct
fem. sing. nom.
h
85.7%
neut. sing. nom.
to
82.9%
acc.
to
82.9%
dat.
tois
68.6%
dat.
tois
68.6%
dat.
tw
65.7%
acc.
ton
65.7%
dat.
tw
65.7%
pl. nom.
ta
65.7%
acc.
ta
65.7%
pl. nom.
oi
62.9%
acc.
tous
62.9%
# & case
% Correct
dat.
tais
57.1%
gen.
twn
54.3%
dat.
th
54.3%
gen.
twn
54.3%
gen.
twn
54.3%
pl. nom.
ai
51.4%
acc.
tas
51.4%
acc.
thn
42.9%
gen.
ths
37.1%
gen.
toû
8.6%
gen.
toû
8.6%
masc. sing. nom.
ò
5.7%
Quiz Playlist
Details
Report
Send in Message
Add To Playlist
Classic:
Type in answers that appear in a list
Last Updated: Feb 16, 2017
Quiz Scoreboard
CHALLENGE
Sign Up to Join the Scoreboard
Show All
Scores
Hide
Comments
May contain spoilers
Recently Published
An Introduction to Baseball
by treessimontrees
Sports
5m
Movies - When Are They Set?
by FPL_Elf
Movies
5m
Popular People in 1961
by mucciniale
History
6m
More to Explore
Quiz From the Vault
Featured Blog Post
Where Did the Easter Bunny Come From?
hide this ad
You Might Also Like...
Tags
article
definite
Greek
Today's Top Quizzes in Language
Browse Language
hide this ad
Today's Top Quizzes in Greek
Browse Greek
Top Contributed Quizzes in Language
1
1-10 Letter F Words III
2
Order Up: Top 10 Most Native Spoken Languages
3
1-10 Letter G Words III
4
1-10 Letter H Words III
5
One Thing in Common: Italy
6
1-10 Letter I Words III
7
Weisst du, aus welchen Sprachen diese Wörter stammen?
8
1-10 Letter J Words III
9
Begins and Ends With AN
10
Hiragana Speed Reading
Explore More
Trending Topics
NBA
Harry Potter
Marvel
Anime
Crossword
Kpop
Disney
Soccer
Pokémon
NFL
WWE
The Office
Country
Song
Puzzle
hide this ad
More By:
shmeetah
Quiz
Plays
Rating
Category
Featured
Created
Scrabble Words- Three-Letter J Words
103
4.60
Language
Jun 20, 2011
Scrabble Words- Three-Letter X Words
70
5.00
Language
Jun 20, 2011
Scrabble Words- Three-Letter Z Words
60
4.33
Language
Jun 20, 2011
Scrabble Words- Four-Letter X Words
47
4.67
Language
Jun 20, 2011
Scrabble Words- Four-Letter Z Words
46
4.75
Language
Jun 20, 2011
Go to Creator's Profile
Score Distribution
Quiz Creator Spotlight
shmeetah
Follow
Send a Message
Quizzes Created
-
Created Quiz Play Count
-
More By This Creator
Popular Quizzes Today
1
Find the Countries of Europe - No Outlines Minefield
2
Find the US States - No Outlines Minefield
3
The Countries of the World
4
Popular People in 1961
5
US States
6
1-10 Letter E Words III
7
Find the US States
8
One Thing in Common: World Cities II
More Language Quizzes
Latin Animals
Curator's Pick
Trending Quizzes
Risky Map Clicking: Least Populous States A-Z
1-10 Letter F Words
1-10 Letter G Words
One Thing in Common: United Kingdom
Risky Map Clicking: Next State Alphabetically
Recently Updated
Leaping Animals
pecheneg
Reality TV Shows (A-Z)
bhenderson79
Rickey Henderson's Hall of Fame Teammates
pecheneg
Champions League XIs: Arsenal
pecheneg
Quick Pick: Celebrities in WWE's Hall of Fame
aduchscher
A-Z Keypad Blitz II
pecheneg
Multiple Oscar Actors
pecheneg
Mystery Phrase Blitz: Oscar 'Best Actors'
pecheneg
F. Scott Fitzgerald Novels
LTH
Pick 3 Villains
ddd62291
Trending Topics
Marvel
Anime
Crossword
NBA
Disney
Harry Potter
Kpop
WWE
NFL
Song
The Office
Soccer
Pokémon
Puzzle
Country
Your Account Isn't Verified!
In order to create a playlist on Sporcle, you need to verify the email address you used during registration. Go to your
Sporcle Settings
to finish the process.
Report this User
Report this user for behavior that violates our
Community Guidelines
.
Details:
Send Report
Go to the Sporcle.com Mobile Site →
Comments